| 000 | 00783cab a2200241 4500 | ||
|---|---|---|---|
| 001 | ABS60236 | ||
| 008 | 090401t1999 xxu||||| |||| 00| 0 eng d | ||
| 035 | _a(Sirsi) u91391 | ||
| 041 | _aeng | ||
| 100 | _aConneely, M. | ||
| 245 | 4 | _aThe importance of being earlist | |
| 260 | _c1999 | ||
| 350 | _a0 | ||
| 490 |
_aEstates Gazette _v(9906) 13 February 1999, 166-167(2) |
||
| 520 | _aDiscusses the year 2000 rating revaluation and outlines the potential benefits of planning well in advance. Tables show the rates liability of different categories of owner and occupier. Tables. | ||
| 650 | _aLANDLORDS | ||
| 650 | _aRATING REVALUATION | ||
| 650 | _aRATING REVALUATION 2000 | ||
| 650 | _aTENANTS | ||
| 690 | _aRATING AND VALUATION | ||
| 942 | _n0 | ||
| 948 | _c17/02/1999 | ||
| 999 |
_c58012 _d58012 |
||